| 000 | 01613 a2200217 4500 | ||
|---|---|---|---|
| 003 | Nust | ||
| 005 | 20221013190829.0 | ||
| 010 | _a 90023040 | ||
| 020 | _a0023426055 | ||
| 040 | _cNust | ||
| 082 | 0 | 0 | _a604.2,GIE |
| 100 |
_aFrederick E. Giesecke ... [et al.]. _9100241 |
||
| 245 | 0 | 0 |
_aTechnical drawing / _cFrederick E. Giesecke ... [et al.]. |
| 250 | _a9th ed. | ||
| 260 |
_aNew York : _bMacmillan Pub. Co. ; _aToronto : _bCollier Macmillan Canada, _cc1991. |
||
| 300 |
_aix, 938, [104] p. : _bill. (some col.) ; _c26 cm. |
||
| 505 | _aThe Graphics Language And Design(Page-1), Instrumental Drawing (Page-11),Introduction To Cad(Page-59),Lettering(Page-95),Geometric Constructions(Page-119),Sketching And Shape(Page-163),Multi View Projection(Page-197),Using A Cad System(Page-251),Sectional Views(Page-285),Auxiliary Views(Page-315),Revelations(Page-343),Manufacturing Processes (Page-359),Dimensioning(Page-391),Tolerancing(Page-433),Threads Fasteners And Springs(Page-467), Design And Working Drawing(Page-509),Reproduction And Control Of Drawings(Page-591),Axonometric Projection (Page-601),Oblique Projection(Page-639),Perspective(Page-657),Intersection Ad Developments (Page-683),Gearing And Cams(Page-715),Electronic Diagrams(Page-741),Structural Drawing(Page-765),Topographic Drawing Ad Mapping(Page-787),Piping Drawing(Page-803),Welding Representation(Page-817),Graphs And Diagrams(Page-833),Alignment Charts(Page-869),Empirical Equations(Page-897),Graphical Mathematics(Page-917). | ||
| 650 | 0 | _aMechanical drawing. | |
| 700 | 1 |
_aGiesecke, Frederick E. _d1869-1953. _9100242 |
|
| 942 |
_2ddc _cBK |
||
| 999 |
_c193495 _d193495 |
||